书目信息 |
| 书名: | It's Getting Ugly Out There | |
| 作者: | Jack Cafferty | |
| 分册号: | ||
| 分册名: | 出版地: | AMERICA |
|
| 出版社: | Wiley | |
| 出版时间: | 2007 | |
| 页数: | 269P | |
| 开本: | 24CM | |
| 丛书名: | ||
| 中图分类号: | ||
| 科图分类号: | ||
| 其他分类号: | C912.8 | |
| 主题词: | ||
| 电子资源: | ||
| 000 | 00391nam0 2200145 450 | |
| 001 | 202012003120 | |
| 005 | 20121203090729.0 | |
| 008 | 12120301s | |
| 020 | @a9780470144794@bHARD@c$24.95 | |
| 099 | @dC912.8@eJ121 | |
| 245 | 10 | @aIt's Getting Ugly Out There@c Jack Cafferty |
| 260 | 0 | @aAMERICA@b Wiley@c2007 |
| 300 | @a269P@c24CM | |
| 905 | @b14294-5 | |
| 905 | @aTSG@dC912.8@eJ121 | |
| It's Getting Ugly Out There / Jack Cafferty.-AMERICA : Wiley , 2007 |
| 269P ; 24CM |
| ISBN 9780470144794HARD$24.95 |
| ● |
| 相关链接 |
|
|
|
正题名:It's Getting Ugly Out There
索取号:C912.8/J121
 
预约/预借
| 序号 | 登录号 | 条形码 | 馆藏地/架位号 | 状态 | 备注 |
| 1 | 14294 | 300142940 | 社科库509/509社科库 131排1列2层/ [索取号:C912.8/J121] | 在馆 | |
| 2 | 14295 | 300142959 | 社科库509/509社科库 131排1列2层/ [索取号:C912.8/J121] | 在馆 |